[Event "BAN-chT Golden Jubilee 2021-22"]
[Site "Dhaka"]
[Date "2022.03.19"]
[Round "10.3"]
[White "Hossain, Enamul"]
[Black "Ahmed, Sheikh Nasir"]
[Result "1-0"]
[WhiteElo "2410"]
[BlackElo "2168"]
[Annotator "TA"]
[PlyCount "121"]
[EventDate "2022.03.10"]
[EventType "team-tourn"]
[EventCountry "BAN"]
[SourceTitle "playchess.com"]
[Source "ChessBase"]
[SourceQuality "1"]

{[%evp 25,121,36,27,31,29,35,30,0,8,0,22,7,4,19,25,32,47,34,80,67,66,74,69,60,109,106,187,147,145,152,140,154,142,143,144,134,149,135,297,255,308,310,299,291,315,295,341,316,309,274,492,430,462,425,490,418,754,760,778,745,747,716,676,0,654,531,736,685,650,565,807,783,1146,1151,1113,1076,989,876,1671,969,1463,1460,1047,0,954,885,1958,1826,1103,2286,7959,6720,12842,12843,12843,12843,12844,12843]} 1. e4 c5 2. Nf3 {[%cal Bg1f3,Bf3d4,Bd4b5][%mdl 32]} e6 3. d4 cxd4 4. Nxd4 Nc6 5. Nc3 Nf6 6. Ndb5 Bb4 7. a3 Bxc3+ 8. Nxc3 d5 9. Bd3 dxe4 10. Nxe4 Nxe4 11. Bxe4 Qxd1+ 12. Kxd1 O-O 13. Be3 e5 14. Kc1 {[#] B45: Sicilian Four Knights.} Rd8 $146 ({Predecessor:} 14... Be6 15. Rd1 Rac8 16. b3 f5 17. Rd6 fxe4 18. Rxe6 Nd4 19. Bxd4 exd4 20. f3 exf3 21. gxf3 Rxf3 22. Kb2 Rf2 {0-1 (22) Massironi,D (2080)-Kasipour Azbari,S (1884) Lugano 2021}) 15. b4 f5 16. Bd3 {White has an edge.} (16. Bxc6 $5 bxc6 17. Re1 $11) 16... Be6 17. f3 Kf7 18. Kb2 Kf6 19. Rad1 Rd7 20. f4 exf4 21. Bxf4 Rad8 (21... Rd5 $14 {is superior.}) 22. Rhe1 Bd5 {[%cal Od5e4]} 23. Bd2 {White is more active. This bishop pair is nice.} Be4 ({Less strong is} 23... Bxg2 24. Rg1 Bf3 25. Rdf1 $16) 24. Bc3+ Kg6 (24... Kf7 $14) 25. Re3 $1 $16 h6 {[#]} (25... Bxd3 $16 26. Rg3+ Kh5) 26. Bxe4 $1 Rxd1 (26... fxe4 27. Rxd7) 27. Rg3+ Kf7 28. Rxg7+ Kf8 29. Bxf5 Nd4 30. Bxd4 R8xd4 31. Rxb7 {[%mdl 4096] Endgame KRR-KRB} a6 (31... Rf4 $16) 32. g4 Rd5 33. Rh7 Rd6 {[#]} 34. h4 $1 {[%cal Bh2h4,Bh4h5][%mdl 32]} Re1 35. h5 Re7 36. Rh8+ Kg7 37. Rc8 Rb6 $2 (37... Re3 38. Ra8 Rg3) 38. Rc5 Kf6 39. Kb3 Re5 40. Rc8 Ke7 (40... a5 $142 41. c4 a4+ 42. Kc2 (42. Kxa4 Ra6+ 43. Kb3 Re3+ 44. Kb2 Rd6 $16) 42... Rd6) 41. c4 $18 {[%cal Bc2c4,Bc4c5,Bc5c6][%mdl 32]} Re3+ 42. Ka4 Rd6 43. Rc7+ Kd8 44. Rc8+ Ke7 45. Ra8 Rc3 46. c5 Rf6 47. Bc8 Rff3 {[%csl Gf3][%cal Rc3a3]} 48. Bxa6 Rxa3+ 49. Kb5 Rf4 50. c6 {aiming for c7.} Rc3 51. Ra7+ Kd8 52. Rd7+ Ke8 53. Rh7 Kd8 {To avoid c7+} 54. Rd7+ Ke8 55. Rg7 {White is clearly winning.} Kd8 56. Bb7 Rc1 57. Ka5 Rcc4 58. b5 {[%cal Bb4b5,Bb5b6][%mdl 32] Black must now prevent g5.} Rxg4 59. Rxg4 Rxg4 60. b6 Rc4 {[#]} 61. Ka6 $1 {Weighted Error Value: White=0.27 (precise) /Black=0.36} 1-0

[Event "BAN-chT Golden Jubilee 2021-22"]
[Site "Dhaka"]
[Date "2022.03.19"]
[Round "10.4"]
[White "Subrota, Biswas"]
[Black "Rahman, Taibur"]
[Result "1-0"]
[WhiteElo "2202"]
[BlackElo "2211"]
[Annotator "TA"]
[PlyCount "117"]
[EventDate "2022.03.10"]
[EventType "team-tourn"]
[EventCountry "BAN"]
[SourceTitle "playchess.com"]
[Source "ChessBase"]
[SourceQuality "1"]

{[%evp 23,117,43,43,29,16,13,57,38,44,35,45,31,29,18,83,8,26,-68,156,156,221,67,44,53,51,60,77,85,79,75,158,112,112,112,112,112,129,129,166,140,168,167,166,0,0,0,0,-39,24,32,62,23,46,8,8,17,146,150,247,248,294,289,300,225,332,325,403,395,1082,1096,976,871,675,654,1753,1495,29967,29961,12798,6115,29976,29978,29977,29979,29979,29980,29976,29973,29987,29988,29990,29991,29991,29989,29991,29991]} 1. e4 c5 2. Nf3 {[%cal Bg1f3,Bf3d4,Bd4b5,Bb5a3,Ba3c2][%mdl 32]} Nc6 3. d4 cxd4 4. Nxd4 e5 5. Nb5 d6 6. c4 Be7 7. N1c3 a6 8. Na3 Be6 9. Nc2 Bg5 10. Be2 Bxc1 11. Rxc1 Nf6 12. O-O O-O 13. b3 {[%cal Bb2b3,Bb3b4][%mdl 32] B32: Sicilian: Löwenthal and Kalashnikov Variations.} Qa5 14. Qd2 Rac8 (14... b5 $11 {is more appropriate.}) 15. Rfd1 $14 {White is slightly better.} Rfd8 16. b4 Qb6 (16... Nxb4 17. Nd5 Nc6 18. Nxf6+ gxf6 19. Qh6 $16) 17. a3 Qa7 18. h3 g6 {[#]} (18... Ne7 $11 {remains equal.}) 19. Qd3 $146 (19. Qh6 $16) ({Predecessor:} 19. Bf1 Kg7 20. Be2 Rd7 21. Bf1 Rdc7 22. Qe1 Ne7 23. Ne3 Ne8 24. Qd2 Nc6 25. Ncd5 Bxd5 26. Nxd5 {1-0 (43) Gallagher,J (2405)-Fauland,A (2450) Bern 1989}) 19... Kg7 {[%cal Oe6c4]} (19... Bxc4 $5 20. Qxc4 Nd4 21. Rxd4 exd4 22. Qxd4 Qxd4 23. Nxd4 Nxe4 $11) 20. g4 {[#]} ({White should try} 20. Nd5 $11) 20... Nd4 $2 (20... Bxc4 $1 $15 {stays ahead.} 21. Qxc4 Nd4) 21. Nxd4 $16 Bxc4 {[#]} (21... exd4 $16 {was worth a try.} 22. Qxd4 Qxd4 23. Rxd4 h5) 22. Qe3 $2 ({White has to play} 22. Qf3 $1 $18 exd4 23. Bxc4 dxc3 24. Qxc3 (24. g5 Nh5 $16)) 22... exd4 $14 23. Rxd4 Bxe2 24. Nxe2 Rxc1+ 25. Qxc1 Qb6 26. Qd2 Re8 (26... Qc6 $142) 27. Ng3 (27. Rxd6 $142 Qb5 28. f3 (28. Qb2 Qe5 $16)) 27... Re6 $16 28. Kg2 {[%cal Og3f5]} h6 29. f3 Ne8 30. Ne2 Rf6 31. Qc3 {[%cal Oe2f4] Hoping for Nf4!} Kf8 32. Rc4 Qb5 33. f4 $2 (33. Kf2 $18) 33... d5 $11 34. exd5 Qxd5+ 35. Kg3 {[%cal Bg2g3,Bg3f3,Bf3f2][%mdl 32] [#]} g5 (35... Nd6 $1 $15 36. Rd4 Qh1) 36. Rc8 {Strongly threatening Qxf6.} Qd6 {[%cal Rg5f4]} 37. Kf3 $40 {[%mdl 128] White has some attack.} ({Much worse is} 37. Qe3 Re6 38. Qc3 Kg8 $15) 37... gxf4 38. Nd4 {Threatens to win with Nf5.} (38. Qc5 $5 {[%cal Re2d4]}) 38... Qd5+ 39. Kf2 {Nf5 is the strong threat. Active counter play!} Qe5 {Black is now going downhill.} (39... Qa2+ $1 $11 40. Qc2 Qxc2+ 41. Rxc2 Rd6) 40. Qc5+ $16 Qxc5 (40... Qe7 $16) 41. bxc5 {[%mdl 4096] Endgame KRN-KRN} Ke7 42. Rb8 Kd7 43. Rxb7+ Nc7 (43... Kc8 $142 44. Rb4 Ng7) 44. Kf3 $18 Kc8 45. Rb6 Rxb6 (45... Ne6 46. Nxe6 fxe6 47. Rxa6 Kd7) 46. cxb6 {KN-KN} Nd5 47. Nf5 Nxb6 48. Nxh6 Nc4 49. Nxf7 Nxa3 50. h4 Kd7 51. h5 (51. Kxf4 $142 Nb5 52. Ne5+ Ke6 53. h5) 51... Ke7 52. Ne5 {White mates.} Nb5 53. h6 Nd4+ 54. Kxf4 Ne6+ 55. Kf5 Nf8 56. Ng6+ Kf7 57. Nxf8 Kxf8 58. Kg6 Kg8 59. g5 {Weighted Error Value: White=0.27 (precise) /Black=0.58} 1-0

[Event "BAN-chT Golden Jubilee 2021-22"]
[Site "Dhaka"]
[Date "2022.03.19"]
[Round "10.5"]
[White "Sadnan Hasan, Dihan"]
[Black "abzid, Rahman"]
[Result "0-1"]
[WhiteElo "2152"]
[BlackElo "2106"]
[Annotator "TA"]
[PlyCount "76"]
[EventDate "2022.03.10"]
[EventType "team-tourn"]
[EventCountry "BAN"]
[SourceTitle "playchess.com"]
[Source "ChessBase"]
[SourceQuality "1"]

{[%evp 9,76,34,52,35,64,61,61,61,68,33,75,61,67,66,81,63,69,67,66,32,48,38,52,58,45,49,78,37,96,68,158,75,88,0,93,0,-9,-2,0,-7,0,0,47,-366,-374,-405,-338,-386,-388,-526,-531,-735,-725,-1143,-1113,-1118,-1065,-1317,-1308,-1402,-1272,-1235,-1205,-3076,-3025,-29993,-509,-29994,-29994]} 1. e4 d5 2. exd5 Qxd5 3. Nc3 Qd6 4. d4 Nf6 5. Nf3 c6 6. h3 {B01: Scandinavian Defence.} Nbd7 7. Bd3 g6 8. O-O {White is slightly better.} Bg7 9. Ne2 e6 (9... e5 $14) 10. c4 $16 b6 11. Bf4 Qe7 {[#]} 12. Re1 $146 ({Predecessor:} 12. Nc3 O-O 13. a4 a5 14. Qc2 Ba6 15. Rfe1 Rfc8 16. Rad1 Qf8 17. Bf1 Bh6 18. Bh2 {1-0 (33) Schulze,A (2135)-Lehr,T (1902) Radebeul 2019}) 12... O-O 13. Nc3 Bb7 14. Bc2 Rfd8 {[%cal Ob6b5]} 15. Qe2 (15. Bc7 $5 {[%cal Rc7d8]}) 15... Qb4 16. a3 Qf8 (16... Qxb2 $2 17. Na4 Qxa1 18. Rxa1 $18) 17. Rad1 Rac8 18. Bh2 (18. Ne5 $16) 18... Kh8 (18... Ne8 $14) 19. Bb3 Re8 {[#]} (19... Kg8 $14) 20. Ne5 ({Better is} 20. Ng5 $1) 20... Red8 21. Nf3 (21. Ba4 $16) 21... Ba6 (21... Re8 $1 $11 {remains equal.}) 22. Ne4 ({White should try} 22. Ba2 $16) 22... Nxe4 $11 23. Qxe4 c5 24. Qh4 cxd4 25. Ng5 {[%csl Gg5][%cal Rh4h7]} Qg8 (25... h6 $11 26. Bd6 Qe8) 26. Rd3 $2 {[%mdl 8192] Now White is beyond hope.} (26. Rxd4 $14 {stays ahead.} Bf6 27. Rd3) 26... Nc5 $19 {[%cal Bd7c5,Bc5d3,Bd3e1][%mdl 32]} 27. Rf3 Rd7 28. Ba2 Bb7 {White must now prevent ...f6.} 29. Rf4 Nd3 {[%csl LRb2,LRe1,LRf4]} 30. Rxf7 Rxf7 ({Less strong is} 30... Nxe1 31. Rxd7 Nxg2 32. Qg3 $18) 31. c5 Nxe1 32. Bxe6 {[#]} Rcf8 $1 33. Bd6 {[#]} (33. Bxf7 Rxf7) 33... Nxg2 $1 34. Qg3 {[#]} (34. Bxf8 Nxh4) 34... h6 $1 35. Nxf7+ Rxf7 36. Qb3 {[#]} Qe8 $1 {[%cal Og2h4] ...Nh4! is the strong threat.} 37. Bxf7 (37. h4 Nxh4) 37... Qe1+ 38. Kh2 {[#]} Ne3 $1 {Weighted Error Value: White=0.98/Black=0.20 (precise)} 0-1

[Event "BAN-chT Golden Jubilee 2021-22"]
[Site "Dhaka"]
[Date "2022.03.19"]
[Round "10.6"]
[White "Srijit Paul"]
[Black "Sankalp Gupta"]
[Result "0-1"]
[WhiteElo "2419"]
[BlackElo "2536"]
[Annotator "TA"]
[PlyCount "84"]
[EventDate "2022.03.10"]
[EventType "team-tourn"]
[EventCountry "BAN"]
[SourceTitle "playchess.com"]
[Source "ChessBase"]
[SourceQuality "1"]

{[%evp 23,84,0,5,0,0,-5,0,-20,-18,-25,-19,-64,-48,-59,-61,-68,0,-7,-1,-25,-44,-46,-62,-53,-47,-54,-57,-56,-58,-88,0,-38,-28,-19,-46,-143,-137,-123,-112,-79,-8,-8,-9,-9,-23,-50,-7,-8,-11,-378,-372,-376,-368,-358,-352,-516,-495,-498,-419,-5265,-738,-29995,-29996]} 1. e4 {Tisdall,J} c5 2. Nf3 d6 3. d4 cxd4 4. Nxd4 Nf6 5. Nc3 Nc6 6. Be2 g6 7. O-O Bg7 8. Nb3 O-O 9. Bg5 a6 10. f4 b5 11. Bf3 Bb7 12. Kh1 Nd7 13. Rb1 {B70: Sicilian Dragon: 6 g3 and 6 Be2 (without a later Be3).} Re8 14. Nd5 Qb8 {[#]} 15. Qd2 $146 {The position is equal.} ({Predecessor:} 15. c3 a5 16. a3 a4 17. Nc1 e6 18. Ne3 Nf6 19. Nd3 Ne7 20. Nf2 h6 21. Bh4 {½-½ (49) Xie,J (2515)-Tisdall,J (2470) San Francisco 1995 CBM 046 [Tisdall,J]}) 15... a5 {[%cal Ba6a5,Ba5a4][%mdl 32]} 16. c3 a4 {aiming for ...e6.} 17. Nc1 (17. Nd4 $11 Nxd4 18. cxd4) 17... e6 $15 18. Ne3 Na5 19. b3 Rc8 ({Better is} 19... Nc5 $15 20. Qc2 Qa7) 20. Ne2 $11 axb3 21. axb3 Nc5 {[%csl LRb3,LRe4]} 22. b4 Nxe4 23. Bxe4 Bxe4 24. bxa5 Bxb1 25. Rxb1 Rxa5 26. Ng4 Qc7 ({Black should try} 26... Qa8 $1 $17 {Strongly threatening ...Ra2.} 27. Nh6+ Bxh6 28. Bxh6 Ra1) 27. Bf6 {[%cal Of4f5]} Qc4 {...Ra2 is the strong threat.} 28. Bxg7 Kxg7 29. Qxd6 Qxe2 $17 30. Qd4+ e5 $1 31. Nxe5 Ra2 (31... Ra4 $1 $17 {[%cal Ra4d4]} 32. c4 h5) 32. Ng4+ $1 $11 Kg8 {[%csl Ga2][%cal Re2g2]} (32... Kf8 $5 33. Qh8+ Ke7 34. Qf6+ Kf8 35. Qh8+ Ke7 36. Qf6+ Kf8 37. Qh8+ $11) 33. Nf6+ $1 Kf8 {[%csl Ga2][%cal Re2g2]} 34. Nxh7+ Ke7 (34... Kg8 $15 35. Nf6+ Kg7) 35. Qf6+ ({Not} 35. Qd5 $2 Rd2 36. Qg5+ Kd7 37. Nf6+ Ke6 $19) 35... Ke8 {[%csl Ga2][%cal Re2g2]} 36. Qh8+ $2 {[%mdl 8192] This move loses the game for White.} (36. Rg1 $1 $11 {and White stays safe.}) 36... Kd7 $19 {[%csl Ga2][%cal Re2g2]} 37. Qd4+ Kc6 $1 {[%csl Ga2][%cal Re2g2]} ({Weaker is} 37... Ke8 38. Nf6+ Kf8 39. Nh7+ Ke8 40. Nf6+ Kf8 41. Nh7+ $15) 38. Qf6+ {[#]} Qe6 $1 {Threatens to win with ...Qxf6.} ({And not} 38... Kb7 39. Qxf7+ Rc7 40. Qd5+ Ka7 41. Qd4+ Kb8 42. Qd8+ Kb7 43. Qd5+ Ka7 44. Qd4+ Kb8 45. Qd8+ Kb7 46. Qd5+ $11) 39. Qd4 (39. Qg5 $142 Rb2 40. Rg1) 39... Re8 {[%cal Oe6e1]} 40. Rg1 Qd6 41. Qg7 {[#]} (41. Qxd6+ $142 Kxd6 42. h3) 41... Qxf4 (41... Rxg2 $142 $3 {[%mdl 512]} 42. Qf6 (42. Qd4 Rxg1+) 42... Rxg1+ 43. Kxg1 Re6) 42. Nf6 {[#]} Rxg2 $3 {[%mdl 512] Weighted Error Value: White=0.84/Black=0.26 (precise)} 0-1

[Event "BAN-chT Golden Jubilee 2021-22"]
[Site "Dhaka"]
[Date "2022.03.19"]
[Round "10.7"]
[White "Narayanan, Srinath"]
[Black "Parveen, Tanima"]
[Result "1-0"]
[WhiteElo "2553"]
[BlackElo "1971"]
[Annotator "TA"]
[PlyCount "39"]
[EventDate "2022.03.10"]
[EventType "team-tourn"]
[EventCountry "BAN"]
[SourceTitle "playchess.com"]
[Source "ChessBase"]
[SourceQuality "1"]

{[%evp 15,39,97,96,85,154,154,309,309,368,375,523,519,883,883,687,878,792,864,838,837,746,786,2930,2610,2948,2531]} 1. e4 e5 2. Nf3 Nc6 3. Bc4 Bc5 4. c3 d6 5. d4 exd4 6. cxd4 Bb4+ 7. Nc3 Nf6 8. O-O O-O 9. Nd5 $5 {[%mdl 4] Strongly threatening Bg5. Exploring less charted territory. C53: Giuoco Piano sidelines.} Ba5 {[#]} (9... h6 $142) 10. Bg5 $1 $16 {Black must now prevent e5. White is more active.} Bg4 $2 (10... Be6 $16 {is a better defense.} 11. Bxf6 gxf6) 11. Qc1 $18 {White has a decisive advantage.} Bxf3 {[#]} 12. gxf3 $146 ({Predecessor:} 12. Bxf6 gxf6 13. Qh6 Bxe4 14. Nxf6+ Kh8 15. Nxe4 Qd7 16. Nf6 Qf5 17. Rad1 Qg6 18. Qh4 Bb6 19. Bd3 {1-0 (19) Dansker,G-Magallanes,G Potrero de los Funes 1995}) 12... Nxd4 13. Bxf6 {[%mdl 64] Overworked Piece. White is clearly winning.} gxf6 (13... Bd2 $142 14. Bxd8 Bxc1 15. Bxc7 Bxb2) 14. Qh6 {Intending Kh1 and mate.} ({Not} 14. Qf4 Bd2 15. Qg4+ (15. Qxf6 Qxf6 16. Nxf6+ Kg7 $15) (15. Nxf6+ $2 Kh8 $19) 15... Kh8 $11) 14... Kh8 15. Nxf6 {[%csl Gf6][%cal Rh6h7]} Rg8+ 16. Kh1 {[%csl Gf6][%cal Rh6h7]} Rg7 17. Rg1 {[%csl Gg1][%cal Rh6g7,Bf1g1,Bg1g3,Bg3h3][%mdl 32]} Qf8 18. Rg3 {Rag1 would kill now.} Nxf3 19. Rh3 {[%cal Rh6h7] Threatening mate with Qxh7+.} Ng5 {[#]} 20. Qxg5 $1 {[%mdl 512] Black got outplayed after the opening.  Weighted Error Value: White=0.00 (flawless) /Black=0.60} 1-0

[Event "BAN-chT Golden Jubilee 2021-22"]
[Site "Dhaka"]
[Date "2022.03.19"]
[Round "10.8"]
[White "Aronyak Ghosh"]
[Black "Anata, Choudhury"]
[Result "1-0"]
[WhiteElo "2482"]
[BlackElo "2170"]
[Annotator "TA"]
[PlyCount "61"]
[EventDate "2022.03.10"]
[EventType "team-tourn"]
[EventCountry "BAN"]
[SourceTitle "playchess.com"]
[Source "ChessBase"]
[SourceQuality "1"]

{[%evp 12,61,23,17,21,21,20,13,32,31,25,35,41,29,26,36,39,34,32,39,54,62,65,35,113,97,114,117,126,120,118,118,123,110,133,116,130,129,151,143,142,110,157,157,175,162,162,168,178,178,608,587]} 1. c4 c5 2. Nf3 Nc6 3. Nc3 e5 4. g3 g6 5. Bg2 Bg7 6. a3 a5 7. d3 Nge7 {7...Nge7 scores better than 7...d6. A37: Symmetrical English vs ...g6: 4 Bg2 Bg7 5 Nf3.} 8. Nd2 {[%cal Bf3d2,Bd2f1,Bf1e3,Be3d5][%mdl 32]} d6 9. Nf1 Be6 {The position is equal.} 10. Ne3 {Inhibits d5.} O-O 11. Ned5 Rb8 12. O-O Nd4 13. e3 Ndf5 14. b4 axb4 15. axb4 {[#]} Bxd5 $146 ({Predecessor:} 15... e4 16. Rb1 Bxd5 17. Nxd5 Nxd5 18. cxd5 exd3 19. Qxd3 b6 20. Bh3 Qc7 21. Bb2 Nh6 22. Bxg7 Kxg7 {½-½ (42) Panov,S (2188)-O'Toole,R (2152) LSS email 2013}) 16. Nxd5 Nxd5 17. cxd5 cxb4 (17... e4 $14) 18. Bd2 $16 h5 19. Rb1 h4 20. Rxb4 hxg3 21. hxg3 ({Don't take} 21. fxg3 Qa5 $14) 21... Bh6 22. Qb1 Qf6 23. Rxb7 Rxb7 24. Qxb7 Nd4 25. Qb4 Nf5 26. Be4 Rd8 (26... Qg5 $142) 27. Kg2 Bf8 28. Rh1 Rc8 29. Qa4 Nh6 30. Bf3 {[#] Threatens to win with e4.} Qf5 (30... Nf5 31. e4 Nd4) 31. e4 {Weighted Error Value: White=0.03 (flawless) /Black=0.44} 1-0

[Event "BAN-chT Golden Jubilee 2021-22"]
[Site "Dhaka"]
[Date "2022.03.19"]
[Round "10.9"]
[White "Manon, Reja Neer"]
[Black "Neloy, Debnath"]
[Result "1-0"]
[WhiteElo "2209"]
[BlackElo "1795"]
[Annotator "TA"]
[PlyCount "101"]
[EventDate "2022.03.10"]
[EventType "team-tourn"]
[EventCountry "BAN"]
[SourceTitle "playchess.com"]
[Source "ChessBase"]
[SourceQuality "1"]

{[%evp 9,101,45,41,39,43,45,48,45,43,28,59,0,31,29,35,19,45,59,79,59,69,63,109,101,124,125,166,145,174,177,211,210,284,284,280,267,314,320,316,323,310,308,285,303,299,290,401,388,375,320,484,499,458,443,581,582,571,560,561,556,554,543,541,588,569,577,528,553,620,462,745,707,762,632,769,754,943,684,820,793,1048,1091,1104,0,1193,3864,1594,1546,2797,3010,29985,6426,29985,12843]} 1. e4 d6 2. d4 Nf6 3. Bd3 g6 4. Nf3 Bg4 5. Be3 Nbd7 6. Nbd2 {B07: Pirc Defence: Miscellaneous Systems.} Bg7 7. h3 Bxf3 8. Nxf3 {White is slightly better.} O-O 9. Qd2 {[#]} e5 $146 ({Predecessor:} 9... c6 10. Bh6 Qb6 11. O-O-O Rfe8 12. Bxg7 Kxg7 13. h4 Rad8 14. g4 Nxg4 15. h5 Rh8 {1-0 (60) Idalgo,R (1972)-Da Cunha,M Sao Bento do Sul 2017}) 10. d5 (10. dxe5 $14 Nxe5 11. Nxe5 dxe5 12. O-O-O) 10... Re8 {[%cal Of6d5]} 11. c4 {[%cal Bc2c4,Bc4c5][%mdl 32]} b6 12. Bc2 a5 13. Qe2 a4 14. Nd2 {White is more active.} Nh5 15. g3 Ra6 {White now steadily converts the win.} (15... Rf8 $14 {is more appropriate.}) 16. c5 Qc8 17. Bd3 {[%cal Bc2d3,Bd3b5,Bb5c6][%mdl 32]} Ra8 (17... Ra7 $16) 18. cxd6 $18 cxd6 {[%cal Of7f5]} 19. Bb5 Rf8 20. Nc4 Nc5 21. Nxb6 Qc7 22. Nxa8 Rxa8 23. Bc6 Rb8 24. Bxc5 Qa5+ 25. Kf1 Qxc5 26. Kg2 Bh6 27. Bxa4 f5 28. exf5 Qxd5+ 29. Qf3 e4 {[#]} (29... Qxf3+ {keeps fighting.} 30. Kxf3 gxf5) 30. Qb3 $3 {[%mdl 512]} Qxb3 (30... Rxb3 $2 31. Bxb3 Qxb3 32. axb3) 31. Bxb3+ Kf8 32. fxg6 hxg6 33. Rad1 Ke7 34. Rhe1 Nf6 35. f3 Rb4 36. fxe4 Nd7 37. Re2 Bg7 38. Bd5 Rb6 39. b4 Be5 (39... Rxb4 $142 40. a3 Rb5) 40. a3 Rb8 41. Re3 Kd8 42. Rc1 Nb6 43. Rb3 Nd7 44. h4 Nf6 45. a4 Nxd5 46. Rc4 $2 (46. exd5 $18 {And now b5 would win.} Bd4 47. Rc4) 46... Kd7 $2 {[%mdl 8192]} 47. exd5 {[#] b5 is the strong threat.} Bf6 48. b5 {[%cal Bb4b5,Bb5b6][%mdl 32] Threatens to win with b6.} Bd8 49. b6 {White wants to mate with a5.} Rb7 50. a5 (50. Rc6 $142 Rb8 51. a5 Ke7 52. a6 Bxb6 53. Rbxb6 Rd8 54. a7 Ra8 55. Rc7+ Kf6 56. Rb8) 50... g5 51. Rc6 {Weighted Error Value: White=0.06 (flawless) /Black=0.29 (precise)} (51. hxg5 $142 Rb8 52. g6 Ke8 53. b7 Kf8 54. a6 Bg5 55. a7 Rd8 56. b8=Q) 1-0

[Event "BAN-chT Golden Jubilee 2021-22"]
[Site "Dhaka"]
[Date "2022.03.19"]
[Round "10.10"]
[White "Rahman, Syed Mahfuzur"]
[Black "Bharath Subramaniyam H"]
[Result "0-1"]
[WhiteElo "2099"]
[BlackElo "2508"]
[Annotator "TA"]
[PlyCount "72"]
[EventDate "2022.03.10"]
[EventType "team-tourn"]
[EventCountry "BAN"]
[SourceTitle "playchess.com"]
[Source "ChessBase"]
[SourceQuality "1"]

{[%evp 20,72,51,52,54,53,55,46,27,35,29,22,27,29,35,41,71,62,73,48,102,89,104,87,89,88,88,88,94,115,87,35,39,39,34,23,42,30,27,-96,-71,-160,-141,-147,-123,-354,-358,-457,-456,-450,-447,-453,-451,-436,-415]} 1. d4 Nf6 2. c4 e6 3. Nc3 c5 4. d5 exd5 5. cxd5 d6 6. e4 g6 7. Nge2 Bg7 8. Ng3 O-O 9. Be2 a6 10. a4 Nbd7 11. O-O Re8 {A65: Modern Benoni: 6 e4.} 12. Bg5 h6 {[%cal Bh7h6,Bh6h5,Bh5h4][%mdl 32]} 13. Be3 h5 {[#] aiming for ...h4. White is slightly better.} 14. Bg5 Qa5 15. Re1 Nh7 {[%csl LRc3,LRg5]} 16. Bd2 {[%cal Oc3b5] [#] And now Nb5! would win.} h4 $146 ({Predecessor:} 16... Qd8 17. Nf1 h4 18. h3 Ng5 19. f3 Bd4+ 20. Kh1 Nh7 21. Rb1 Ndf6 22. Be3 Bxe3 23. Nxe3 Nh5 {1-0 (73) Rawlings,A (2334)-Kunz,H (2329) ICCF email 2010}) 17. Nf1 {[%cal Oc3b5,Bg3f1,Bf1e3,Be3c4][%mdl 32] Strongly threatening Nb5!} Qc7 {[%cal Oh4h3]} 18. h3 Rb8 19. Qc2 Ne5 ({Black should try} 19... Bd4 $14) 20. Ne3 Nf6 21. f4 Ned7 22. a5 {White is more active.} b5 {[#] To avoid Nc4. White must now prevent ...c4.} 23. axb6 $1 Rxb6 {[%cal Of6e4]} 24. Nc4 Rb4 25. b3 (25. Bd3 $16) 25... Nb6 $1 $14 26. Rad1 Nxc4 27. Bxc4 Nh5 28. Ne2 Rb8 29. Ra1 Qe7 30. Bd3 (30. Nc3 $142) 30... Bxa1 $17 31. Rxa1 Bd7 32. Bxa6 $2 {White does not recover from this.} (32. Rxa6 $17 Bb5 33. Bxb5 Rxb5 34. e5) 32... Ra8 $19 ({Don't blunder} 32... Qxe4 $2 33. Qxe4 Rxe4 34. Bc4 $19) 33. Bc3 Qxe4 {Black is clearly winning.} 34. Qxe4 Rxe4 35. Bd3 Rxa1+ 36. Bxa1 Rb4 {Weighted Error Value: White=0.32/Black=0.06 (flawless)} 0-1